<?xml version="1.0" encoding="UTF-8"?>
<record
    xmlns:xsi="http://www.w3.org/2001/XMLSchema-instance"
    xsi:schemaLocation="http://www.loc.gov/MARC21/slim http://www.loc.gov/standards/marcxml/schema/MARC21slim.xsd"
    xmlns="http://www.loc.gov/MARC21/slim">

  <leader>03604pam a22003495i 4500</leader>
  <controlfield tag="001">20710531</controlfield>
  <controlfield tag="003">EG-ScBUE</controlfield>
  <controlfield tag="005">20220306101319.0</controlfield>
  <controlfield tag="008">181018t2018    moua   f b    001 0 eng d</controlfield>
  <datafield tag="020" ind1=" " ind2=" ">
    <subfield code="a">9780323482479 (hbk.)</subfield>
  </datafield>
  <datafield tag="020" ind1=" " ind2=" ">
    <subfield code="a">0323482473 (hbk.)</subfield>
  </datafield>
  <datafield tag="040" ind1=" " ind2=" ">
    <subfield code="a">DLC</subfield>
    <subfield code="b">eng</subfield>
    <subfield code="e">rda</subfield>
    <subfield code="c">DLC</subfield>
    <subfield code="d">DLC</subfield>
    <subfield code="d">EG-ScBUE</subfield>
  </datafield>
  <datafield tag="082" ind1="0" ind2="4">
    <subfield code="a">636.089607572</subfield>
    <subfield code="2">22</subfield>
    <subfield code="b">TEX</subfield>
  </datafield>
  <datafield tag="245" ind1="0" ind2="0">
    <subfield code="a">Textbook of veterinary diagnostic radiology /</subfield>
    <subfield code="c">[edited by] Donald E. Thrall, DVM, PhD (Professor of Radiology, College of Veterinary Medicine, North Carolina State University, Raleigh, North Carolina, Radiology and Quality Control IDEXX Telemedicine Consultants, Clackamas, Oregon).</subfield>
  </datafield>
  <datafield tag="250" ind1=" " ind2=" ">
    <subfield code="a">Seventh edition.</subfield>
  </datafield>
  <datafield tag="264" ind1=" " ind2="1">
    <subfield code="a">St. Louis, Missouri :</subfield>
    <subfield code="b">Elsevier,</subfield>
    <subfield code="c">[2018]</subfield>
  </datafield>
  <datafield tag="264" ind1=" " ind2="4">
    <subfield code="c">c2018</subfield>
  </datafield>
  <datafield tag="300" ind1=" " ind2=" ">
    <subfield code="a">xii, 986 pages :</subfield>
    <subfield code="b">illustrations ;</subfield>
    <subfield code="c">29 cm</subfield>
  </datafield>
  <datafield tag="336" ind1=" " ind2=" ">
    <subfield code="a">text</subfield>
    <subfield code="2">rdacontent</subfield>
    <subfield code="b">txt</subfield>
  </datafield>
  <datafield tag="337" ind1=" " ind2=" ">
    <subfield code="a">unmediated</subfield>
    <subfield code="2">rdamedia</subfield>
    <subfield code="b">n</subfield>
  </datafield>
  <datafield tag="338" ind1=" " ind2=" ">
    <subfield code="a">volume</subfield>
    <subfield code="2">rdacarrier</subfield>
    <subfield code="b">nc</subfield>
  </datafield>
  <datafield tag="504" ind1=" " ind2=" ">
    <subfield code="a">Includes bibliographical references and index.</subfield>
  </datafield>
  <datafield tag="505" ind1="0" ind2=" ">
    <subfield code="a">Section I: Physics and principles of interpretation. Radiation protection and physics of diagnostic radiology -- Digital radiographic imaging -- Canine and feline dental radiographic technique -- Physics of ultrasound imaging -- Principles of computed tomography and magnetic resonance imaging -- Radiographic, computed tomography, and magnetic resonance contrast media -- Introduction to radiographic interpretation, -- Section II: The axial skeleton: canine, feline, and equine. Radiographic anatomy of the axial skeleton -- Basic principles of radiographic interpretation of the axial skeleton -- Canine and feline dental disease -- The cranial nasal cavities: canine and feline -- Magnetic resonance imaging features of brain disease in small animals -- The equine head -- Canine and feline vertebrae -- Magnetic resonance imaging and computed tomography features of canine and feline spinal cord disease -- Section III: The appendicular skeleton: canine, feline, and equine. Radiographic anatomy of the appendicular skeleton -- Principles of radiographic interpretation of the appendicular skeleton -- Orthopedic diseases of young and growing dogs and cats -- Fracture healing and complications in dogs -- Radiographic features of bone tumors and bone infections in dogs and cats -- Radiographic signs of joint disease in dogs and cats -- Equine stifle and tarsus -- Equine carpus -- Equine metacarpus and metatarsus -- Equine metacarpophalangeal and metatarsophalangeal joint -- Equine phalanges -- Equine navicular bone  505 0  $a Section IV: The thoracic cavity: canine, feline, and equine. Principles of radiographic interpretation of the thorax -- Canine and feline larynx and trachea -- Canine and feline esophagus -- Canine and feline thoracic wall -- Canine and feline diaphragm -- Canine and feline mediastinum -- Canine and feline pleural space -- Canine and feline cardiovascular system -- Canine and feline lung -- Equine lower respiratory system -- Section V: Abdominal cavity: canine and feline. Principles of radiographic interpretation of the abdomen -- Peritoneal space -- Liver and spleen -- Kidneys and ureters -- Urinary bladder -- Urethra -- Prostate gland -- Uterus, ovaries, and testes -- Stomach -- Small bowel -- Large bowel.</subfield>
  </datafield>
  <datafield tag="650" ind1=" " ind2="7">
    <subfield code="a">Veterinary radiography.</subfield>
    <subfield code="2">BUEsh</subfield>
  </datafield>
  <datafield tag="653" ind1=" " ind2=" ">
    <subfield code="b">PPhrm</subfield>
    <subfield code="c">March2022</subfield>
  </datafield>
  <datafield tag="655" ind1=" " ind2=" ">
    <subfield code="v">Reading book</subfield>
    <subfield code="9">34232</subfield>
  </datafield>
  <datafield tag="700" ind1="1" ind2=" ">
    <subfield code="a">Thrall, Donald E.,</subfield>
    <subfield code="e">editor.</subfield>
  </datafield>
  <datafield tag="906" ind1=" " ind2=" ">
    <subfield code="a">7</subfield>
    <subfield code="b">cbc</subfield>
    <subfield code="c">origcop</subfield>
    <subfield code="d">2</subfield>
    <subfield code="e">ncip</subfield>
    <subfield code="f">20</subfield>
    <subfield code="g">y-gencatlg</subfield>
  </datafield>
  <datafield tag="942" ind1=" " ind2=" ">
    <subfield code="2">ddc</subfield>
    <subfield code="c">BB</subfield>
  </datafield>
  <datafield tag="999" ind1=" " ind2=" ">
    <subfield code="c">29849</subfield>
    <subfield code="d">29820</subfield>
  </datafield>
  <datafield tag="952" ind1=" " ind2=" ">
    <subfield code="0">0</subfield>
    <subfield code="1">0</subfield>
    <subfield code="2">ddc</subfield>
    <subfield code="4">0</subfield>
    <subfield code="7">0</subfield>
    <subfield code="8">Alahram</subfield>
    <subfield code="a">MAIN</subfield>
    <subfield code="b">MAIN</subfield>
    <subfield code="c">1ST</subfield>
    <subfield code="d">2022-03-06</subfield>
    <subfield code="e">Purchase</subfield>
    <subfield code="g">2682.00</subfield>
    <subfield code="h">284</subfield>
    <subfield code="l">0</subfield>
    <subfield code="o">636.089607572 TEX</subfield>
    <subfield code="p">000056208</subfield>
    <subfield code="r">2025-07-15 00:00:00</subfield>
    <subfield code="v">3352.50</subfield>
    <subfield code="w">2022-03-06</subfield>
    <subfield code="y">BB</subfield>
  </datafield>
</record>
